00559 2200181 4500245003200000020001800032250001100050100001500061700001000076650002000086005001900106260003000125041001400155084000800169300002700177500016400204336000900368 aSuperdivacErichologyhText a979-780-027-X aCet. 1 aErichology aNisha aNovel Indonesia a20231004132704 aJakartabGagasMediac2006 aIndonesia a813 aiv, 210 hlm. :c19 cm. aHidup attaya begitu beruntung. Satu demi satu mimpinya menjadi kenyataan. Status wartawan dalam genggaman, model sebuah produk ternama bukan lagi sebuah angan. atext